000 00664nam a2200217 i 4500
001 79956
003 ES-MaACL
005 20250930063102.0
007 t|
008 041025s1977 sp ||||1| spa d
100 1 _aHesse, Hermann,
_d1877-1962
_963472
245 1 0 _aSobre la guerra y la paz /
_cHermann Hesse ; [traducción: Pilar Giralt].
250 _a[2ª ed.].
260 _aBarcelona :
_bNoguer,
_c[1977]
300 _a179 p. ;
_c18 cm.
490 1 _aLibros de bolsillo Noguer ;
_v59
700 1 _aGiralt, Pilar.
_957201
830 0 0 _aLibros de bolsillo Noguer
_v59
_9181960
852 _aES-MaACL
_jL-7390
_bR.107554
999 _c79956
_d79956